[Event "Municipality Cup"]
[Site "Tbilisi GEO"]
[Date "2010.05.23"]
[Round "9"]
[White "Supatashvili,K"]
[Black "Mammadova,G"]
[Result "1/2-1/2"]
[WhiteElo "2461"]
[BlackElo "2287"]

1.d4 g6 2.Nf3 Bg7 3.c4 f5 4.g3 Nf6 5.Bg2 O-O 6.O-O d6 7.b3 Ne4 8.Bb2 Nc6
9.Nbd2 Nxd2 10.Qxd2 e5 11.b4 e4 12.Ne1 Qe7 13.e3 Bd7 14.Rc1 Rae8 15.b5 Nd8
16.a4 g5 17.Rc3 f4 18.exf4 gxf4 19.gxf4 Ne6 20.Rg3 Nxf4 21.d5 Ng6 22.Bxg7 Qxg7
23.Nc2 Kh8 24.Re1 Qf6 25.Rxe4 Rxe4 26.Bxe4 Nf4 27.Kf1 Bh3+ 28.Ke1 Re8 29.f3 b6
30.Qd4 Re5 31.Ne3 Qh4 32.Kd1 Bd7 33.Qb2 Nh5 34.Ng4 Bxg4 35.Rxg4 Qf6 36.Kc1 Qh6+
37.Qd2 Qxd2+ 38.Kxd2 Nf6 39.Rf4 Kg7 40.Bf5 h6 41.Be6 Rg5 42.Kd3 Rg2 43.Rh4 Ra2
44.Rh3 Nh7 45.Rg3+ Kf6 46.f4 Nf8 47.Kd4 Rxh2 48.f5 Rh4+ 49.Kc3 Nh7 50.Rg6+ Ke5
51.Rg7 Nf6 52.Rxc7 Ne4+ 53.Kb4 Nc5 54.f6 Rf4 55.Kc3 Nxa4+ 56.Kd2 Kxf6 57.Ke3 Ke5
58.Re7 Re4+ 59.Kf3 Rf4+ 60.Ke3 Re4+ 61.Kf3 Rf4+ 62.Ke3 Re4+ 63.Kf3 Rxc4 64.Bd7+ Kd4
65.Bc6 Nc3 66.Rxa7 Nxd5 67.Rb7 Kc5 68.Bxd5 Kxd5 69.Rxb6 Rb4 70.Rb8 Ke5 71.Rh8 Rxb5
72.Rxh6 Rb3+ 73.Ke2 d5 74.Rh4  1/2-1/2

[Event "Aberto do Brasil"]
[Site "Fortaleza BRA"]
[Date "2010.06.04"]
[Round "2"]
[White "Monte,E"]
[Black "Barreto,I"]
[Result "0-1"]
[WhiteElo "1765"]
[BlackElo "2262"]

1.c4 f5 2.g3 Nf6 3.Bg2 g6 4.Nf3 Bg7 5.O-O O-O 6.d4 d6 7.Nc3 Nc6 8.Rb1 e5
9.dxe5 dxe5 10.Bg5 e4 11.Ne1 Be6 12.Nd5 Bxd5 13.Bxf6 Rxf6 14.cxd5 Rd6 15.Qb3 Na5
16.Qb4 Rxd5 17.Nc2 Qd6 18.Qa4 Qd7 19.Qb4 Bf8 20.Qe1 Nc4 21.Nb4 Bxb4 22.Qxb4 Nd2
23.Qxb7 Rd8 24.Rbc1 Nxf1 25.Rxc7 Rd1 26.Bxf1 Qd4 27.Rxh7 Rd7 28.Rxd7 Qxd7
29.Qb8+ Kg7 30.Qe5+ Kh7 31.h4 Qd6 32.Qa5 a6 33.Kg2 Rc1 34.e3 Qd1 35.Qxa6 Qf3+
36.Kg1 Rc2 37.Qa7+ Kh6  0-1

[Event "Open"]
[Site "Teplice CZE"]
[Date "2010.06.17"]
[Round "6"]
[White "Friml,A"]
[Black "Klimek,P"]
[Result "1-0"]
[WhiteElo "2142"]
[BlackElo "1979"]

1.d4 f5 2.g3 Nf6 3.Bg2 g6 4.Nf3 Bg7 5.O-O O-O 6.c4 d6 7.Nc3 Qe8 8.d5 Nbd7
9.Nb5 Qd8 10.Rb1 e5 11.dxe6 Nc5 12.b4 Nxe6 13.Bb2 a6 14.Nc3 Rb8 15.Nd5 Bd7
16.Qb3 Bc6 17.a4 a5 18.Nxf6+ Bxf6 19.c5 Qe8 20.b5 Be4 21.Bxf6 Rxf6 22.Rbc1 d5
23.Qc3 Qe7 24.Qxa5 Nxc5 25.Qa7 Nd7 26.Rxc7 Rff8 27.Rfc1 Ra8 28.Qxb7 Rfb8
29.Qc6 Rd8 30.b6 d4 31.Qc4+ Kh8 32.Qxd4+ Qg7 33.b7 Qxd4 34.Nxd4 Rab8 35.Bxe4 fxe4
36.Nc6  1-0

[Event "IsBank TCh-TUR"]
[Site "Konya TUR"]
[Date "2010.07.01"]
[Round "4"]
[White "Firat,Deniz"]
[Black "Arig,B"]
[Result "0-1"]
[WhiteElo "1621"]
[BlackElo "1778"]

1.d4 f5 2.c4 Nf6 3.Nf3 g6 4.g3 Bg7 5.Bg2 O-O 6.O-O d6 7.Nc3 Qe8 8.Re1 e5
9.e4 Nxe4 10.Nxe4 fxe4 11.Rxe4 Bf5 12.Re3 Bg4 13.dxe5 Qf7 14.Qd5 Qxd5 15.cxd5 Bxf3
16.Rxf3 Rxf3 17.Bxf3 Bxe5 18.Rb1 Nd7 19.b3 Rf8 20.Bg2 Nf6 21.Bb2 Re8 22.f4 Bxb2
23.Rxb2 Ng4 24.Bh3 Nf6 25.Bg2 Re1+ 26.Kf2 Rc1 27.Ke2 Kf7 28.Kd3 Rc5 29.Kd4 a6
30.Rd2 a5 31.Bf3 Ke7 32.Re2+ Kd7 33.Rd2 c6 34.dxc6+ bxc6 35.Kd3 Rc1 36.Rc2 Rxc2
37.Kxc2 d5 38.Kd3 Kd6 39.a3 Kc5 40.g4 Nd7 41.g5 Nb6 42.Bg4 Kd6 43.f5 Nd7
44.fxg6 Ne5+ 45.Kd2 hxg6 46.h3 Nxg4 47.hxg4 Ke5 48.Ke3 d4+ 49.Kd3 c5  0-1

[Event "IsBank TCh-TUR"]
[Site "Konya TUR"]
[Date "2010.07.02"]
[Round "6"]
[White "Arslan,Erda"]
[Black "Afyoncu,O"]
[Result "0-1"]
[WhiteElo "2126"]
[BlackElo "2087"]

1.d4 f5 2.Nf3 Nf6 3.c4 g6 4.g3 Bg7 5.Bg2 O-O 6.O-O d6 7.Nc3 Qe8 8.d5 a5 9.Be3 Na6
10.Rc1 Bd7 11.Qd2 Ng4 12.Bd4 Bh6 13.e3 c5 14.dxc6 bxc6 15.Bb6 Qb8 16.Bxa5 Nc5
17.b4 Ne4 18.Qe2 Nexf2 19.Rxf2 Bxe3 20.Rf1 Bxf2+ 21.Rxf2 Nxf2 22.Kxf2 e5
23.c5 e4 24.Nd2 d5 25.Kg1 Qe5 26.Na4 Bc8 27.Nb6 Ba6 28.Qe1 Qd4+ 29.Kh1 Ra7
30.Nb3 Qd3 31.h3 Re7 32.b5 Bxb5 33.Bc3 f4 34.gxf4 Rxf4 35.Bd4 e3 36.Nxd5 cxd5
37.Qa5 Rxd4 38.Nxd4 Qd1+ 39.Kh2 Qxd4  0-1

[Event "9th Open"]
[Site "La Fere FRA"]
[Date "2010.07.08"]
[Round "7"]
[White "Fomichenko,E"]
[Black "Henris,L"]
[Result "1-0"]
[WhiteElo "2458"]
[BlackElo "2213"]

1.d4 f5 2.g3 Nf6 3.Bg2 g6 4.Nf3 Bg7 5.O-O O-O 6.c4 d6 7.Nc3 e6 8.Bf4 h6 9.Qc2 g5
10.Bd2 Qe8 11.e4 g4 12.Nh4 Nc6 13.Nb5 Qf7 14.exf5 exf5 15.Nxf5 Bxf5 16.Qxf5 Qxc4
17.Rac1 Nxd4 18.Nxd4 Qxd4 19.Be3 Qe5 20.Qxe5 dxe5 21.Rxc7 Rf7 22.Rfc1 Rxc7
23.Rxc7 Rd8 24.Bxb7 a5 25.Rc8 Rxc8 26.Bxc8 Kf7 27.Bd2 a4 28.Bb7 Nd7 29.Bc6 Nc5
30.Be3 Nd3 31.Bxa4 Nxb2 32.Bb3+ Ke7 33.a4  1-0

[Event "ch-SWE Mastarklassen"]
[Site "Lund SWE"]
[Date "2010.07.09"]
[Round "7"]
[White "Nilsson,V"]
[Black "Janse,L"]
[Result "1/2-1/2"]
[WhiteElo "2133"]
[BlackElo "2137"]

1.d4 f5 2.Nf3 Nf6 3.g3 g6 4.Bg2 Bg7 5.O-O O-O 6.c4 d6 7.b3 c6 8.Bb2 Na6 9.Nbd2 e5
10.dxe5 Nd7 11.e4 f4 12.b4 dxe5 13.c5 Qe7 14.Nc4 Kh8 15.a3 g5 16.Qd6 Qxd6
17.cxd6 g4 18.Nfxe5 f3 19.Nxg4 fxg2 20.Kxg2 b5 21.Bxg7+ Kxg7 22.Nd2 c5 23.bxc5 Naxc5
24.Ne3 Ne5 25.f4 Nc4 26.Nexc4 bxc4 27.Rac1 Ba6 28.Rfd1 Rac8 29.Kf3 Rfd8 30.e5 Nd3
31.Rc3 Nb2 32.Rdc1 Na4 33.Re3 c3 34.Ne4 Bb7 35.Ke2 c2 36.Ng5 Bd5 37.Kd2 h6
38.Nh3 Nb6 39.Rc3 Be4 40.Nf2 Bh7 41.Nd3 Rxc3 42.Kxc3 Rc8+ 43.Kd2 Nc4+ 44.Ke2 Nxa3
45.g4 Nb5 46.f5 Nd4+ 47.Ke3 Nxf5+ 48.gxf5 Bxf5 49.Kd2 Kf7 50.Rxc2 Rxc2+ 51.Kxc2 Ke6
52.Kc3 Kd5 53.Kb4 Kd4 54.Nc5 Kxe5 55.d7 Bxd7 56.Nxd7+ Kf4 57.Kc4  1/2-1/2

[Event "2nd Artemis Cup"]
[Site "Leros GRE"]
[Date "2010.07.17"]
[Round "6"]
[White "Jankovic,A"]
[Black "Mamedjarova,T"]
[Result "1-0"]
[WhiteElo "2567"]
[BlackElo "2280"]

1.d4 f5 2.g3 Nf6 3.Bg2 g6 4.c4 Bg7 5.Nf3 O-O 6.O-O d6 7.Nc3 Qe8 8.Nd5 Nxd5
9.cxd5 c6 10.dxc6 Nxc6 11.d5 Ne5 12.Nd4 h6 13.Ne6 Bxe6 14.dxe6 Qb5 15.a4 Qa6
16.e4 fxe4 17.Bxe4 Rac8 18.Be3 Rc4 19.Bd5 Rb4 20.b3 Ng4 21.Rc1 Nxe3 22.fxe3 Rxf1+
23.Qxf1 Qxf1+ 24.Kxf1 Bf6 25.Ke2 a5 26.Rc7 b6 27.Kd3 h5 28.Bc4 h4 29.Ke4 Kg7
30.Kd5 Kh6 31.Rc8 h3 32.Rf8 Kg5 33.Rf7 Kf5 34.Rh7 g5 35.Bd3+ Kg4 36.Be2+ Kf5
37.g4+  1-0

[Event "2nd Artemis Cup"]
[Site "Leros GRE"]
[Date "2010.07.17"]
[Round "6"]
[White "Estremera Panos,S"]
[Black "Mamedjarova,Z"]
[Result "0-1"]
[WhiteElo "2358"]
[BlackElo "2231"]

1.d4 f5 2.Nf3 g6 3.g3 Bg7 4.Bg2 Nf6 5.O-O O-O 6.c4 d6 7.Nc3 Qe8 8.d5 Na6
9.Rb1 c6 10.dxc6 bxc6 11.b4 Rb8 12.a3 Bd7 13.Bb2 h6 14.e3 Nc7 15.Ne2 g5 16.c5 g4
17.Nh4 d5 18.Be5 Rc8 19.Nf4 Ne4 20.Bxg7 Kxg7 21.Nhg6 Rf6 22.Bxe4 fxe4 23.Ne5 Kh7
24.a4 a6 25.Qd4 Rd8 26.h3 gxh3 27.f3 exf3 28.Rxf3 Bf5 29.Rbf1 Be4 30.R3f2 Rf5
31.Kh2 Qh8 32.Nfd3 Rxf2+ 33.Rxf2 Ne6 34.Qc3 Rf8 35.Rxf8 Qxf8  0-1

[Event "Corporation Centre Cup"]
[Site "Izhevsk RUS"]
[Date "2010.07.19"]
[Round "5"]
[White "Arzamastsev,A"]
[Black "Goriatchkin,J"]
[Result "1/2-1/2"]
[WhiteElo "2132"]
[BlackElo "2344"]

1.d4 f5 2.c4 Nf6 3.Nf3 g6 4.g3 Bg7 5.Bg2 O-O 6.O-O d6 7.Nc3 Na6 8.b3 c6 9.Bb2 Qe8
10.Qd2 Bd7 11.d5 Nc5 12.Nd4 a5 13.Rac1 Rc8 14.Ba3 cxd5 15.Nxd5 Nfe4 16.Qe3 e5
17.Bxc5 Nxc5 18.Nb5 Bxb5 19.cxb5 e4 20.Qd2 Kh8 21.Qxa5 Ra8 22.Qd2 Ra3 23.b6 Qe5
24.Rc2 Ne6 25.Nc7 Nd4 26.Rc4 d5 27.Rc5 Qd6 28.Rfc1 Qxb6 29.Nxd5 Qa6 30.Nc3 Rxb3
31.Bf1 Ra3 32.Kg2 Qe6 33.Qb2 Ra7 34.e3 Nf3 35.Bc4 Qf6 36.Qb4 Ne5 37.Nb5 Ra6
38.Nc7 Rc6 39.Bb5 Nd3 40.Rxc6 bxc6 41.Bxd3 exd3 42.Qc4 d2 43.Rd1 Qc3 44.Qa4 Rb8  1/2-1/2

[Event "Sparkassen Open A"]
[Site "Dortmund GER"]
[Date "2010.07.25"]
[Round "9"]
[White "Kuempers,U"]
[Black "Kartsev,So"]
[Result "1-0"]
[WhiteElo "2091"]
[BlackElo "2202"]

1.d4 f5 2.Nf3 Nf6 3.c4 g6 4.g3 Bg7 5.Bg2 O-O 6.O-O d6 7.Nc3 Qe8 8.d5 a5 9.Nd4 Na6
10.Rb1 Bd7 11.b3 Rb8 12.e3 g5 13.f4 gxf4 14.exf4 c6 15.Re1 cxd5 16.Nxd5 e5
17.Ba3 Ne4 18.Nxf5 Bxf5 19.Bxe4 Qe6 20.Qd3 Rbe8 21.Bxf5 Rxf5 22.g4 Rf7 23.f5 Qh6
24.Rbd1 Qh4 25.Qg3 Qxg3+ 26.hxg3 Bf8 27.g5 Rxf5 28.Nf6+ Rxf6 29.gxf6 Re6
30.Rd5 Rxf6 31.Rxa5 Rf7 32.Rd5 Nc7 33.Rdd1 Rf6 34.Kg2 Rg6 35.Rf1 Ne6 36.Rxf8+ Nxf8
37.Rxd6 Rxd6 38.Bxd6 Nd7 39.Kf3 Kf7 40.a4 Ke6 41.Ba3 h5 42.a5 Kf5 43.b4 e4+
44.Ke3 Ne5 45.Kd4 Nf3+ 46.Kd5 e3 47.b5 Ne5 48.Bb4 Nd3 49.Bc3 Nf4+ 50.Kd6 Ne2
51.Be1 Nxg3 52.a6 h4 53.axb7 h3 54.Bxg3 Kg4 55.b8=Q Kxg3 56.Kd5+ Kf2 57.Qf4+  1-0

[Event "21st Czech GM Open"]
[Site "Pardubice CZE"]
[Date "2010.07.26"]
[Round "4"]
[White "Popilski,G"]
[Black "Vovk,I"]
[Result "1-0"]
[WhiteElo "2451"]
[BlackElo "2286"]

1.d4 f5 2.g3 Nf6 3.Bg2 g6 4.c4 Bg7 5.Nf3 O-O 6.O-O d6 7.Nc3 Nc6 8.d5 Ne5
9.Nxe5 dxe5 10.Qb3 h6 11.c5 Kh8 12.Rd1 a6 13.Qc4 g5 14.h4 f4 15.hxg5 hxg5
16.c6 b6 17.Ne4 Nxe4 18.Bxe4 Rf6 19.f3 fxg3 20.Bxg5 Qe8 21.Kg2 Bh3+ 22.Kxg3 Qh5
23.Bxf6 exf6 24.Bg6 Qxg6+ 25.Kxh3 Bh6 26.Rg1 Bg5 27.Rg3 Kg7 28.Kg2 Rh8 29.Rh1 Rxh1
30.Kxh1 Qf7 31.Qg4 Qxd5 32.Qd7+ Qf7 33.Rh3 Kg6 34.Qxf7+ Kxf7 35.Rh7+ Ke6
36.Rxc7 Kd6 37.Rc8 a5 38.e4 Kc5 39.Kg2  1-0

[Event "3rd Open"]
[Site "Paleochora GRE"]
[Date "2010.07.29"]
[Round "9"]
[White "Papadimitriou,A"]
[Black "Batsiashvili,N"]
[Result "0-1"]
[WhiteElo "2146"]
[BlackElo "2383"]

1.Nf3 g6 2.g3 Bg7 3.d4 f5 4.Bg2 Nf6 5.c4 O-O 6.O-O d6 7.Nc3 c6 8.d5 Bd7 9.Qb3 Qb6
10.Qxb6 axb6 11.Be3 c5 12.Ng5 h6 13.Ne6 Bxe6 14.dxe6 Nc6 15.h3 Kh7 16.Rac1 Ra6
17.b3 Ne8 18.a4 Nc7 19.Bd5 Nd8 20.Nb5 Ncxe6 21.Rfd1 Ra8 22.Rd3 Bf6 23.f4 Ng7
24.Bf3 Nc6 25.Nc7 Nb4 26.Nxa8 Nxd3 27.exd3 Rxa8 28.Bxb7 Ra7 29.Bf3 Ne6 30.Re1 Bd4
31.Kf2 Kg7 32.Bd1 Kf6 33.Bxd4+ Nxd4 34.g4 e5 35.gxf5 gxf5 36.fxe5+ dxe5 37.Ke3 Rg7
38.Kd2 Rg3 39.h4 Rh3 40.h5 Ne6 41.Rg1 Nf4 42.Bc2 Rxh5 43.Rg8 Rh2+ 44.Kc1 Ne2+
45.Kb1 Nd4 46.Bd1 e4 47.dxe4 fxe4 48.Rg3 Ke5 49.b4 Rh1 50.Kc1 Ne2+  0-1

[Event "Troya Open"]
[Site "Canakkale TUR"]
[Date "2010.08.12"]
[Round "6"]
[White "Maghalashvili,Da"]
[Black "Citak,S"]
[Result "1-0"]
[WhiteElo "2465"]
[BlackElo "2340"]

1.Nf3 f5 2.d4 Nf6 3.g3 g6 4.Bg2 Bg7 5.O-O O-O 6.c4 d6 7.Nc3 Qe8 8.d5 Na6
9.Nd4 Bd7 10.Rb1 c6 11.dxc6 bxc6 12.b4 Nxb4 13.Rxb4 c5 14.Rb1 cxd4 15.Bxa8 dxc3
16.Bg2 Bc6 17.Qd3 Bxg2 18.Kxg2 Qc6+ 19.f3 Nd7 20.Bg5 Nb6 21.c5 Qxc5 22.Bxe7 Re8
23.Bxd6 Qc4 24.Qxc4+ Nxc4 25.Bf4 Rxe2+ 26.Rf2 Rb2 27.Rd1 Bf6 28.Rd7 a5 29.Bc1 Rb1
30.Rc2 Rb8 31.Rc7 Nb2 32.Rd7 Nc4 33.h4 Re8 34.Rc7 Ne3+ 35.Bxe3 Rxe3 36.Rc5 a4
37.Ra5 Rd3 38.Re2 Rd4 39.Ra7 Kf8 40.Rc7 Rd6 41.h5 gxh5 42.Rc5 f4 43.gxf4 h4
44.Kh3 Kf7 45.f5 Rd7 46.Rc6 Re7 47.Ree6 Rxe6 48.fxe6+ Ke7 49.f4 h5 50.a3 Kd8
51.f5 Ke7 52.Kg2 Be5 53.Rc5 Bf6 54.Rd5 Ke8 55.Ra5 Bg5 56.Rc5 Bf6 57.Rc4 Ke7
58.Rxa4 Kd6 59.Rc4 Ke5 60.Rxc3 Kxf5 61.Re3  1-0

[Event "BDO Premier"]
[Site "Haarlem NED"]
[Date "2010.08.23"]
[Round "3"]
[White "Flumbort,A"]
[Black "Markgraf,Al"]
[Result "1/2-1/2"]
[WhiteElo "2540"]
[BlackElo "2456"]

1.d4 f5 2.c4 Nf6 3.g3 g6 4.Bg2 Bg7 5.Nf3 O-O 6.O-O d6 7.Nc3 Qe8 8.d5 Na6
9.Rb1 c5 10.dxc6 bxc6 11.b4 Bd7 12.a3 Nc7 13.c5 Ne4 14.Nxe4 fxe4 15.Nd4 d5
16.b5 cxb5 17.a4 b4 18.Rxb4 a5 19.Rb7 Bxa4 20.Qd2 Qc8 21.Rb6 e5 22.Qa2 exd4
23.Qxa4 Qf5 24.c6 Ne6 25.Ba3 Rf7 26.Rb5 Bf8 27.Bb2 Bg7 28.Qb3 Nc7 29.Rb8+ Rf8
30.Rxf8+ Rxf8 31.Qb6 Ne6 32.Ba3 Rc8 33.Qxa5 h5 34.Qa6 Nd8 35.Rc1 Qe6 36.Bd6 Bh6
37.Rc5 Nxc6 38.Rxc6 Rxc6 39.Qxc6 Bf8 40.Bh3 Qxd6 41.Be6+ Kh7 42.Qxd6 Bxd6
43.Bxd5 d3 44.e3 d2 45.Bb3 Kg7 46.Kf1 Kf6 47.Ke2 Bb4 48.Bc2 Ke5 49.h4 Ba5
50.Ba4 Kf6 51.Bc6 Ke5 52.Be8 Kf6 53.Bc6 Ke5 54.Be8  1/2-1/2

[Event "25th Open"]
[Site "Schwarzach AUT"]
[Date "2010.08.23"]
[Round "3"]
[White "Eisenbeiser,A"]
[Black "Gruber,Mic"]
[Result "1-0"]
[WhiteElo "2397"]
[BlackElo "2133"]

1.d4 f5 2.Nf3 Nf6 3.g3 g6 4.Bg2 Bg7 5.O-O O-O 6.c4 d6 7.Nc3 Qe8 8.b3 Na6
9.Ba3 Bd7 10.Qd3 Rb8 11.Rad1 b5 12.cxb5 Bxb5 13.Nxb5 Qxb5 14.Qxb5 Rxb5 15.Nd2 c5
16.Bb2 Rc8 17.Rc1 Rbb8 18.Rfd1 Nd7 19.Ba1 Nb4 20.a3 Na6 21.b4 Rd8 22.bxc5 dxc5
23.e3 cxd4 24.exd4 Nb6 25.Bf1  1-0

[Event "TCh-SRB 1st League"]
[Site "Vrnjacka Banja SRB"]
[Date "2010.08.24"]
[Round "4"]
[White "Tadic,Br"]
[Black "Leskur,D"]
[Result "1/2-1/2"]
[WhiteElo "2543"]
[BlackElo "2426"]

1.Nf3 g6 2.c4 Bg7 3.d4 f5 4.g3 Nf6 5.Bg2 O-O 6.O-O d6 7.Nc3 Qe8 8.Nd5 Nxd5
9.cxd5 Qb5 10.Ne1 c6 11.a4 Qb6 12.Nc2 cxd5 13.Bxd5+ e6 14.Bg2 d5 15.b4 Nc6
16.Rb1 Bd7 17.a5 Qd8 18.Bf4 g5 19.Bd6 Rf7 20.f4 Be8 21.Be5 Nxe5 22.dxe5 Ba4
23.Qd2  1/2-1/2

[Event "46th Akiba Rubinstein Open A"]
[Site "Polanica Zdroj POL"]
[Date "2010.08.27"]
[Round "9"]
[White "Piorun,K"]
[Black "Malaniuk,V"]
[Result "1-0"]
[WhiteElo "2499"]
[BlackElo "2543"]

1.d4 f5 2.c4 Nf6 3.Nf3 g6 4.g3 Bg7 5.Bg2 O-O 6.O-O d6 7.Nc3 Nc6 8.d5 Na5
9.b3 Ne4 10.Nxe4 Bxa1 11.Neg5 c5 12.e4 fxe4 13.Nh4 Bf6 14.Bxe4 e5 15.Nxh7 Bxh4
16.Nxf8 Qxf8 17.gxh4 Bf5 18.f3 Qf7 19.Bh6 Kh7 20.Qd2 b6 21.Qg5 Rg8 22.Rf2 Nb7
23.Kf1 Qd7 24.h5 Bxe4 25.fxe4 Qh3+ 26.Ke2 Qxh5+ 27.Qxh5 gxh5 28.Be3 Kg6 29.Rf5 Rh8
30.Bg5 Re8 31.h4 a6 32.Rf6+ Kg7 33.Rh6 b5 34.Rxh5 bxc4 35.bxc4 Nd8 36.Rh6 Nf7
37.Re6 Rb8 38.Bf6+ Kg8 39.h5 Rb2+ 40.Kf3 Rb1 41.Kg2 Rb8 42.Re7 Kf8 43.Ra7 Ke8
44.Kg3 Rb1 45.Ra8+ Kd7 46.Rf8 Nh6 47.Rd8+ Kc7 48.Rh8 Ng8 49.Rxg8 Rg1+ 50.Kh4 Rxg8
51.h6 Rg6 52.Bg5  1-0

[Event "9th Georgiev-Kesarovski Mem"]
[Site "Sunny Beach BUL"]
[Date "2010.09.04"]
[Round "8"]
[White "Johansson,Th2"]
[Black "Golcman,E"]
[Result "0-1"]
[WhiteElo "2173"]
[BlackElo "2270"]

1.d4 f5 2.Nf3 Nf6 3.g3 g6 4.Bg2 Bg7 5.O-O O-O 6.c4 d6 7.Nc3 Nc6 8.d5 Na5
9.Qa4 c5 10.dxc6 Nxc6 11.Rd1 Qa5 12.Qb3 Kh8 13.Bd2 Qd8 14.Nd5 Ne4 15.Be1 Bd7
16.h4 Rb8 17.Ng5 Nc5 18.Qc2 Nd4 19.Qd2 b5 20.e3 Nde6 21.Nxe6 Bxe6 22.cxb5 Rxb5
23.Nc3 Rb8 24.Rab1 Qd7 25.Bd5 Bxd5 26.Qxd5 Na4 27.Nxa4 Qxa4 28.Bc3 Bxc3 29.bxc3 Rfc8
30.Qe6 Qe8 31.c4 Rc7 32.Rxb8 Qxb8 33.c5 dxc5 34.h5 gxh5 35.Qe5+ Kg8 36.Qxf5 Qc8
37.Qxh5 Rc6 38.Qg5+ Kf7 39.Qh5+ Kg7 40.Qe5+ Kf7  0-1

[Event "e2e4 Open"]
[Site "Sunningdale ENG"]
[Date "2010.09.10"]
[Round "1"]
[White "Lewis,An"]
[Black "Bailey,K"]
[Result "1/2-1/2"]
[WhiteElo "2281"]
[BlackElo "2082"]

1.Nf3 f5 2.d4 Nf6 3.g3 g6 4.Bg2 Bg7 5.O-O O-O 6.c4 d6 7.Nc3 Nc6 8.d5 Na5
9.Qd3 e5 10.Ng5 e4 11.Qc2 h6 12.Ne6 Bxe6 13.dxe6 Nxc4 14.Rd1 Ne5 15.Bf4 Qe7
16.Nb5 Ne8 17.Rac1 c6 18.Nd4 c5 19.Nb5 g5 20.Be3 b6 21.Bh3 Rd8 22.Qa4 a5
23.Qb3 Kh8 24.Nc3 Rb8 25.Nb5 Rd8 26.f4 exf3 27.exf3 Nxf3+ 28.Kh1 Ne5 29.Rf1 c4
30.Qc2 g4 31.Bg2 Qxe6 32.Nd4 Qg6 33.Nxf5 Nf6 34.Bxb6 Rd7 35.Bd4 Nh7 36.Be4 Ng5
37.Bd5 Ngf3 38.Nxg7 Qxc2 39.Rxc2 Kxg7 40.Bxf3 gxf3 41.Rxc4 Kg6 42.Ra4 Nc6
43.Bc3 Re7 44.Rg4+ Kh7 45.Kg1 h5 46.Rg5 Kh6 47.Rd5 Re6 48.Bd2+ Kg6 49.Rg5+ Kh7
50.Rxh5+ Kg8 51.Rg5+ Kh7 52.Bf4 Nd4 53.Rh5+ Kg8 54.Rg5+ Kh7 55.Rh5+ Kg8 56.Rxa5 Ne2+
57.Kf2 Nxf4 58.gxf4 Rxf4 59.Kg3 Rb4 60.Rg5+ Kh7 61.b3 Re2 62.Rf2 Rbe4 63.Rxf3 Rxa2
64.h4 Re6 65.Rg4 Ra5 66.b4 Rb5 67.Rb3 d5 68.Kf3 Kh6 69.Re3 Reb6 70.Re8 Kh7
71.Re7+ Kh6 72.Re8 Kh7 73.Re7+ Kh6 74.Re8  1/2-1/2

[Event "WCh w Blitz Semi-Final"]
[Site "Moscow RUS"]
[Date "2010.09.16"]
[Round "25"]
[White "Fominykh,M"]
[Black "Muzychuk,M"]
[Result "1/2-1/2"]
[WhiteElo "2305"]
[BlackElo "2464"]

1.d4 f5 2.g3 Nf6 3.Bg2 g6 4.Nf3 Bg7 5.O-O O-O 6.c4 d6 7.Nc3 e6 8.b4 Nbd7
9.Qb3 Qe7 10.Re1 Ne4 11.Bb2 Ndf6 12.Rad1 Kh8 13.h3 Nxc3 14.Bxc3 Ne4 15.Bb2 e5
16.c5 Be6 17.d5 Bf7 18.cxd6 cxd6 19.Nd2 Nf6 20.e4 fxe4 21.Nxe4 Nxe4 22.Bxe4 Rac8
23.Rc1 Qd7 24.Kg2 Rxc1 25.Rxc1 Rc8 26.Rc2 Rc7 27.Bc1 Qc8 28.Rxc7 Qxc7 29.Be3 a6
30.a4 Be8 31.a5 Bf6 32.Bb6 Qc1 33.Qf3 Kg7 34.Be3 Qc4 35.Bd2 Ba4 36.Bd3 Qd4
37.Qe4 Qxe4+ 38.Bxe4 Bb3 39.Kf3 Kf7 40.Ke2 Bd8 41.Kd3 Ba4 42.Kc3 Bd7 43.h4 Kg7
44.Be3  1/2-1/2

[Event "EYCC Boys U16"]
[Site "Batumi GEO"]
[Date "2010.09.23"]
[Round "5"]
[White "Aghasaryan,R"]
[Black "Siagodnik,A"]
[Result "1-0"]
[WhiteElo "2308"]
[BlackElo "2137"]

1.d4 f5 2.c4 Nf6 3.g3 g6 4.Bg2 Bg7 5.Nf3 O-O 6.O-O d6 7.Nc3 Nc6 8.d5 Ne5
9.Nxe5 dxe5 10.c5 e6 11.Bg5 exd5 12.Nxd5 c6 13.Nxf6+ Bxf6 14.Qb3+ Kg7 15.Bxf6+ Qxf6
16.Rad1 e4 17.Rd6 Qf7 18.Qc3+ Kg8 19.Rfd1 Be6 20.e3 Bd5 21.b3 Qe7 22.Bf1 Rad8
23.Rxd8 Rxd8 24.Qa5 a6 25.Bc4 Rd7 26.Bxd5+ Rxd5 27.Rxd5 cxd5 28.Qc3 Qg7 29.Qxg7+ Kxg7
30.b4 Kf6 31.a4 Ke6 32.h4 h6 33.b5 Kd7 34.Kf1 axb5 35.axb5 b6 36.c6+ Ke6
37.h5 g5 38.g4 fxg4 39.Kg2 Kd6 40.Kg3 Ke7 41.Kxg4 Ke6 42.Kg3 Kd6 43.Kg2 Ke6
44.Kf1 Kd6 45.Ke2 Ke6 46.Kd2 Kd6 47.Kc3 Kc7 48.Kd4 Kd6 49.c7 Kxc7 50.Kxd5 Kd7
51.Kxe4 Ke6 52.Kd4 g4 53.e4 Kd6 54.e5+ Ke6 55.Ke4 Kd7 56.Kf5  1-0

[Event "Chigorin Mem Classic Open"]
[Site "St Petersburg RUS"]
[Date "2010.10.30"]
[Round "3"]
[White "Kirusha,A"]
[Black "Ilhomzoda,I"]
[Result "1-0"]
[WhiteElo "2380"]
[BlackElo "2163"]

1.Nf3 g6 2.d4 Bg7 3.c4 f5 4.g3 Nf6 5.Bg2 O-O 6.O-O d6 7.Nc3 c6 8.b3 Qa5 9.Bd2 Qc7
10.d5 e5 11.dxe6 Bxe6 12.Rc1 Na6 13.Ng5 Bf7 14.Bf4 Rad8 15.e4 Nh5 16.Nxf7 Qxf7
17.Bg5 Rde8 18.exf5 Qxf5 19.Be3 Nf6 20.Qxd6 Ng4 21.Bh3 Be5 22.Bxg4 Qxg4 23.Qd1 Rf3
24.Kg2 Ref8 25.Qd3 Nc5 26.Qc2 Bxc3 27.Bxc5 R8f5 28.h3 Qh5 29.Qe4 Be5 30.Rce1 Qg5
31.Re3 R3f4 32.Qd3 Rf7 33.Bxa7 R4f5 34.Bb6 Bf6 35.Re8+ Kg7 36.Be3 Qh5 37.g4 Rg5
38.Bxg5 Qxg5 39.f4 Qc5 40.g5 Bb2 41.Re2 Bd4 42.Re4 Bb2 43.Qd2 Qa3 44.Re2  1-0

[Event "14th OIBM"]
[Site "Bad Wiessee GER"]
[Date "2010.11.01"]
[Round "4.31"]
[White "Pezerovic,E"]
[Black "Babar,M"]
[Result "1-0"]
[WhiteElo "2455"]
[BlackElo "2213"]

1.d4 f5 2.Nf3 g6 3.g3 Nf6 4.Bg2 Bg7 5.O-O O-O 6.c4 d6 7.Nc3 Qe8 8.Nd5 Nxd5
9.cxd5 Nd7 10.Qb3 Nb6 11.Bf4 Bd7 12.Rac1 Ba4 13.Qa3 Nxd5 14.Ng5 Bc6 15.Ne6 Qd7
16.Bxd5 Bxd5 17.Nxc7 Bf7 18.Nxa8 Rxa8 19.Rfd1 Bd5 20.f3 h6 21.Qd3 Qe6 22.b3 g5
23.Be3 Rf8 24.Bf2 g4 25.Qe3 Qg6 26.f4 Bf6 27.Qd3 Be4 28.Qd2 Qh5 29.h4 gxh3
30.Kh2 Bd5 31.Rc7 Qg4 32.Rdc1 Rf7 33.Rc8+ Kh7 34.Ra8 Rg7 35.Rcc8 Rg6 36.Rxa7 h5
37.Rc3 h4 38.b4 Be4 39.Ra5 Rg8 40.Raa3 Rd8 41.Rc1 Rg8 42.Rac3 Rg7 43.Rg1 Bg2
44.gxh4 Bxh4 45.Bxh4 Qxh4 46.Qe3 e6 47.a4 e5 48.dxe5 d5 49.e6 Qf6 50.Qe5  1-0

[Event "14th OIBM"]
[Site "Bad Wiessee GER"]
[Date "2010.11.07"]
[Round "9.4"]
[White "Graf,A"]
[Black "Deglmann,L"]
[Result "1-0"]
[WhiteElo "2606"]
[BlackElo "2397"]

1.d4 f5 2.g3 Nf6 3.Bg2 g6 4.Nf3 Bg7 5.O-O O-O 6.c4 d6 7.Nc3 Qe8 8.d5 a5 9.Rb1 Na6
10.Be3 Bd7 11.b3 Ng4 12.Bd4 Bh6 13.h3 Nf6 14.a3 e5 15.dxe6 Bxe6 16.Bxf6 Rxf6
17.Nd5 Rf7 18.b4 axb4 19.axb4 c6 20.Nb6 Rd8 21.Nd4 Bg7 22.Nxe6 Qxe6 23.b5 Nb8
24.Rb3 Kh8 25.Rd3 Bf8 26.Qd2 Nd7 27.bxc6 bxc6 28.Re3 Qf6 29.Nxd7 Rfxd7 30.Bxc6 Rc7
31.Bd5 Re7 32.Rb3 Rde8 33.e3 Rg7 34.Rfb1 h5 35.h4 Kh7 36.Rb8 Rxb8 37.Rxb8 g5
38.hxg5 Rxg5 39.Kf1 Bg7 40.e4 Rg4 41.Re8 Bh6 42.Qe2 h4 43.exf5 Rg7 44.Qe6 Qa1+
45.Kg2 hxg3 46.Rh8+  1-0

[Event "ch-ISR"]
[Site "Haifa ISR"]
[Date "2010.11.10"]
[Round "3.2"]
[White "Golod,V"]
[Black "Sorin,Mi"]
[Result "1-0"]
[WhiteElo "2582"]
[BlackElo "2204"]

1.d4 f5 2.g3 Nf6 3.Bg2 g6 4.Nf3 Bg7 5.O-O O-O 6.c4 d6 7.Nc3 Qe8 8.d5 Na6
9.Rb1 Nc5 10.Nd4 Bd7 11.Ncb5 Na6 12.a3 h6 13.b4 g5 14.Ne6 Bxe6 15.dxe6 d5
16.Qc2 c6 17.Nd4 Ne4 18.Bb2 Rc8 19.c5 Qg6 20.f3 Bxd4+ 21.Bxd4 Nf6 22.g4 Ne8
23.f4 Nac7 24.fxg5 Nxe6 25.Be5 Qxg5 26.Rxf5 Rxf5 27.Qxf5 Qxf5 28.gxf5 N6g7
29.b5 Nxf5 30.bxc6 bxc6 31.Bh3 e6 32.Rb7 Rd8 33.Rxa7 d4 34.Bg2 d3 35.exd3 Nd4
36.Rb7 Nc2 37.Bxc6  1-0

[Event "TCh-SVK Extraliga 2010-11"]
[Site "Michalovce SVK"]
[Date "2010.11.27"]
[Round "1"]
[White "Bobula,M"]
[Black "Boricsev,O"]
[Result "1/2-1/2"]
[WhiteElo "2393"]
[BlackElo "2429"]

1.d4 g6 2.c4 Bg7 3.Nf3 f5 4.g3 Nf6 5.Bg2 O-O 6.O-O d6 7.Nc3 c6 8.Qc2 Na6
9.a3 Nc7 10.Rd1 a5 11.d5 cxd5 12.cxd5 Bd7 13.Nd4 Rc8 14.Bg5 Nb5 15.Ndxb5 Bxb5
16.Qb3 Ba6 17.Be3 Nd7 18.Bd4 f4 19.Bh3 fxg3 20.hxg3 Rc4 21.Be6+ Kh8 22.Bxg7+ Kxg7
23.Bxd7 Qxd7 24.Qb6 Qh3 25.Qe3 Rf7 26.Rd4 Rxd4 27.Qxd4+ Kg8 28.b4 Rf5 29.Qe4 Re5
30.Qf3 Rh5 31.Qg2 Qc8 32.Qf3 Qh3 33.Qg2 Qc8 34.Qf3  1/2-1/2

[Event "FSFMB November"]
[Site "Budapest HUN"]
[Date "2010.12.04"]
[Round "1"]
[White "Wanger,T"]
[Black "Hegedus,P2"]
[Result "1/2-1/2"]
[WhiteElo "1801"]
[BlackElo "1849"]

1.d4 f5 2.Nf3 Nf6 3.c4 g6 4.g3 Bg7 5.Bg2 O-O 6.O-O d6 7.Nc3 c6 8.Qb3 Na6
9.Ng5 h6 10.c5+ d5 11.Nf3 Kh7 12.Ne5 Nc7 13.f4 Ne6 14.Rd1 Nd7 15.e3 Nxe5
16.fxe5 b6 17.cxb6 axb6 18.Nxd5 cxd5 19.Bxd5 Nc7 20.Bxa8 Nxa8 21.Bd2 Bb7
22.Bc3 Bd5 23.Qb5 e6 24.Bb4 Qg5 25.Qe2 Rf7 26.a3 Nc7 27.Rdc1 Be4 28.Bd2 h5
29.Qf2 Bh6 30.Re1 Nd5 31.Rac1 Nc7 32.a4 Qd8 33.b4 Qd5 34.a5 Qb7 35.Rc4  1/2-1/2

[Event "TCh-SWE Elitserien 2010-11"]
[Site "Sweden SWE"]
[Date "2010.12.04"]
[Round "5"]
[White "Hjelm,N"]
[Black "Lindberg,Bo"]
[Result "1/2-1/2"]
[WhiteElo "2334"]
[BlackElo "2388"]

1.d4 f5 2.g3 Nf6 3.Bg2 g6 4.Nf3 Bg7 5.O-O O-O 6.c4 d6 7.d5 c5 8.Nc3 h6 9.Rb1 Qe8
10.a3 g5 11.b4 Na6 12.bxc5 Nxc5 13.Nd4 Qh5 14.f4 Nfe4 15.Bb2 Bd7 16.Bf3 Qg6
17.e3 Rac8 18.Nxe4 Nxe4 19.Qe2 Rc7 20.Bxe4 fxe4 21.f5 Bxf5 22.Rxf5 Rxf5 23.Nxf5 Qxf5
24.Bxg7 Kxg7 25.Rf1 Qe5 26.Qf2 Qf6 27.Qe2 Qg6 28.Qf2 Qf6 29.Qe2 Qg6 30.Qf2 Qf6  1/2-1/2